000 00402nam a22001457a 4500
020 _a81-7826-174-X
082 _a823
_bSTE/S
245 _aTHE STRANGE CASE IF DR. JEKYL AND Mr. HYDE
_bSHORT STORY
246 _aTHE STRANGE CASE IF DR. JEKYL AND Mr. HYDE
_bSHORT STORY
250 _a2003
260 _aDELHI
_bROHAN BOOK COMPANY
_c2003
300 _a190
520 _aCHILDRENS SHORT STORY
942 _cBK
999 _c307
_d307